La historiografía literaria del liberalismo hispanoamericano del siglo XIX /
Guardado en:
| Autor principal: | |
|---|---|
| Formato: | Desconocido |
| Lenguaje: | Spanish |
| Publicado: |
Cuba :
Editorial Casa de las Américas,
1987.
|
| Materias: | |
| Etiquetas: |
Agregar Etiqueta
Sin Etiquetas, Sea el primero en etiquetar este registro!
|
MARC
| LEADER | 000000000a22000000004500 | ||
|---|---|---|---|
| 001 | 003655 | ||
| 041 | 0 | |a spa | |
| 082 | 0 | 4 | |a A864.09 |b G643h |
| 100 | 1 | |a González Stephan, Beatriz, |d 1952- | |
| 245 | 1 | 3 | |a La historiografía literaria del liberalismo hispanoamericano del siglo XIX / |c Beatriz González Stephan. |
| 260 | 1 | |a Cuba : |b Editorial Casa de las Américas, |c 1987. | |
| 300 | |a 254 páginas | ||
| 500 | |a La biblioteca contiene dos ejemplares, uno con número de inscripción: 7697, donado por George Yúdice / Premio Casa de las Américas 1987 | ||
| 650 | 4 | |a LITERATURA LATINOAMERICANA | |
| 650 | 4 | |a SIGLO XIX | |
| 650 | 4 | |a ENSAYOS | |
| 650 | 4 | |a HISTORIA Y CRITICA | |
| 650 | 4 | |a LIBERALISMO | |
| 650 | 4 | |a HISTORIOGRAFIA | |
| 999 | |c 10128 |d 10128 | ||
| 942 | |c BK |h A864.09 G643h |2 z | ||
